| 000 | 00371nam a22001457a 4500 | ||
|---|---|---|---|
| 082 |
_aP-324 _cProject |
||
| 100 |
_aAhmer Waheed _948080 |
||
| 245 | _aLow Flow Simulation of River Indus | ||
| 260 |
_aMCE _bAhmer waheed, asad ghafoor. _c26-5-2007 |
||
| 300 |
_aD _c50cm. |
||
| 526 |
_a0 _b0 _c0 _dP_324 |
||
| 526 |
_a0 _b0 _c0 _dP_325 |
||
| 650 |
_aMCE _9379 |
||
| 942 |
_2ddc _cBK |
||
| 999 |
_c551116 _d551116 |
||